Countries By Facts - Statistics

General Stats
  • This quiz has been taken 50 times
  • The average score is 6 of 17
Answer Stats
Hint Answer % Correct
Largest number of army tanks Russia
98%
Most lakes in the world Canad
86%
Covers the most time zones France
55%
Most diverse country in the world India
50%
The land of no rivers Saudi Arabia
45%
Most likely to disappear beneath the waves Maldives
43%
Least likely place to meet your neighbor Mongolia
43%
Youngest population of any country Niger
33%
Most languages spoken Papua New Guinea
26%
Most educated people Canada
19%
Oldest sovereign state Egypt
19%
Largest country with no farms Singapore
19%
Least peaceful nation in the world Somalia
14%
Almost entirely covered in jungle Suriname
14%
Almost entirely treeless Haiti
10%
Most of its citizens live abroad Malta
10%
Fastest disappearing nation Ukraine
10%
No matching quizzes found
Score Distribution
Percent of People with Each Score
Percentile by Number Answered
Your Score History
You have not taken this quiz